[Event "3rd IECC"]
[Site "Batumi GEO"]
[Date "2002.06.23"]
[Round "11"]
[White "Jojua,D"]
[Black "Gurcan,S"]
[Result "1-0"]
[WhiteElo "2125"]
[BlackElo "2283"]

1.e4 c5 2.Nf3 e6 3.d4 cxd4 4.Nxd4 a6 5.Bd3 Qc7 6.O-O Nf6 7.Qe2 d6 8.c4 g6
9.Nc3 Bg7 10.Be3 O-O 11.Rac1 b6 12.b4 Nbd7 13.f4 Bb7 14.a3 Rac8 15.Kh1 Qb8
16.Nb3 Rfe8 17.a4 Qa8 18.Bd2 d5 19.cxd5 exd5 20.e5 Ne4 21.Nxe4 dxe4 22.Bc4 Bd5
23.Be3 Bf8 24.Rfd1 Bxc4 25.Rxc4 Rxc4 26.Qxc4 Rc8 27.Qd4 Rc7 28.Nd2 Qc6 29.Nxe4 Qxa4
30.Qd5 Bg7 31.Nd6 Nf8 32.Bxb6 Rd7 33.Bc5 Ne6 34.g3 a5 35.Rb1 Qc2 36.Qe4 Qxe4+
37.Nxe4 axb4 38.Rxb4 Nxc5 39.Rb8+ Bf8 40.Nxc5 Ra7 41.Ne4 h5 42.f5 Ra4 43.Nf6+ Kg7
44.fxg6 fxg6 45.Rb7+ Kh6 46.e6 Ra6 47.Ng8+ Kg5 48.e7 Bxe7 49.Nxe7 Rd6 50.Rb5+ Kg4
51.Rb4+ Kf3 52.Rf4+ Ke3 53.Kg2 Ke2 54.Rf7 Ke3 55.Rf3+ Ke4 56.h4 Rb6 57.Rf7 Ra6
58.Rf4+ Ke5 59.Rb4 Rd6 60.Rb5+ Kf6 61.Nd5+ Kf7 62.Rb7+ Ke6 63.Nf4+ Kf6 64.Rb5 Kf7
65.Rb7+ Kg8 66.Re7  1-0

[Event "Match Olympiad Hopes Schev"]
[Site "Belgrade YUG"]
[Date "2002.06.26"]
[Round "1"]
[White "Perunovic,Mil"]
[Black "Pikula,D"]
[Result "1-0"]
[WhiteElo "2478"]
[BlackElo "2472"]

1.e4 c5 2.Nf3 e6 3.d4 cxd4 4.Nxd4 a6 5.Bd3 Nf6 6.O-O d6 7.c4 Bd7 8.Nc3 Nc6
9.Nxc6 Bxc6 10.Qe2 Be7 11.Rd1 Qb8 12.Bf4 Nd7 13.Rac1 O-O 14.Bb1 Re8 15.Bg3 Bf8
16.a4 b6 17.Rd2 Ra7 18.Rcd1 Ne5 19.f4 Nd7 20.Kh1 Qc8 21.Bc2 Rc7 22.Qd3 g6
23.Bf2 Bb7 24.b3 Nc5 25.Qh3 Qa8 26.Re2 Qc8 27.Bh4 Nd7 28.Red2 Bc6 29.Qd3 Bg7
30.f5 Nc5 31.Qh3 Bf8 32.fxg6 fxg6 33.e5 dxe5 34.Bf6 Bg7 35.Rd8 Qb7 36.Bxg7 Kxg7
37.Rxe8 Bxe8 38.b4 Nd7 39.Ne4 Nf6 40.Nd6 Qa7 41.Rf1 Bf7 42.Qf3 Ng8 43.Qe3 Re7
44.Qxe5+ Kf8 45.h3 Qd7 46.c5 bxc5 47.bxc5 Nh6 48.Qh8+ Ng8 49.Qxh7  1-0

[Event "13th Open"]
[Site "Ljubljana SLO"]
[Date "2002.06.30"]
[Round "9"]
[White "Osolin,B"]
[Black "Grom,W"]
[Result "1-0"]
[WhiteElo "2166"]
[BlackElo "2001"]

1.e4 c5 2.Nf3 e6 3.d4 cxd4 4.Nxd4 a6 5.Bd3 Nf6 6.O-O Bc5 7.Nb3 Be7 8.e5 Nd5
9.Be4 Nb6 10.Qg4 g6 11.Nc3 Nc6 12.Bxc6 bxc6 13.Ne4 Nd5 14.Qg3 f5 15.Nd6+ Bxd6
16.exd6 O-O 17.Bg5 Qe8 18.c4 Nf6 19.f3 a5 20.Qe5 Nh5 21.Be7 Rf7 22.Nxa5 Ba6
23.b4 f4 24.a4 Qc8 25.b5 Bb7 26.Nxb7 Qxb7 27.Rfb1 Rf5 28.Qd4 e5 29.Qf2 cxb5
30.axb5 Rc8 31.Ra7 Qb8 32.Rxd7 Nf6 33.Bxf6 Rxf6 34.Qh4 Qb6+ 35.Kf1 Rf7 36.Rxf7 Kxf7
37.Qe7+ Kg8 38.Qe6+ Kg7 39.Qxc8 Qxd6 40.Qb7+ Kh6 41.Qd5 Qa3 42.Re1 Qc3 43.b6 Qb2
44.b7  1-0

[Event "II Open"]
[Site "St Chely d'Aubrac FRA"]
[Date "2002.07.02"]
[Round "6"]
[White "Szylar,E"]
[Black "Laine,P"]
[Result "1/2-1/2"]
[WhiteElo "2104"]
[BlackElo "2212"]

1.e4 c5 2.Nf3 e6 3.d4 cxd4 4.Nxd4 a6 5.Bd3 Qc7 6.O-O b5 7.Re1 Nf6 8.a4 b4
9.c3 Bb7 10.e5 Nd5 11.c4 Ne7 12.b3 Nbc6 13.Bb2 Ng6 14.Nxc6 Bxc6 15.Nd2 d6
16.exd6 Bxd6 17.g3 O-O 18.Be4 Bxe4 19.Rxe4 Rac8 20.Nf3 e5 21.Qd5 Ne7 22.Qd2 f6
23.Rd1 Rcd8 24.Qc2 Ng6 25.Nh4 f5 26.Nxg6 hxg6 27.Re2 Rfe8 28.Red2 e4 29.c5 Bxc5
30.Rxd8 Rxd8 31.Rxd8+ Qxd8 32.Qc4+ Kh7  1/2-1/2

[Event "30th World Open"]
[Site "Philadelphia USA"]
[Date "2002.07.03"]
[Round "5"]
[White "Pruess,D"]
[Black "Kreiman,B"]
[Result "0-1"]
[WhiteElo "2352"]
[BlackElo "2515"]

1.e4 c5 2.Nf3 e6 3.d4 cxd4 4.Nxd4 a6 5.Bd3 g6 6.Be3 Bg7 7.Nd2 d6 8.Qe2 Nc6
9.c3 Nf6 10.f4 O-O 11.Bc2 e5 12.Nxc6 bxc6 13.fxe5 dxe5 14.O-O a5 15.Bb3 Ba6
16.Bc4 Bxc4 17.Nxc4 Nxe4 18.Bb6 Qh4 19.g3 Nxg3 20.hxg3 Qxg3+ 21.Kh1 a4 22.Rad1 f5
23.Qh2 Qxh2+ 24.Kxh2 e4 25.Rd6 a3 26.b3 f4 27.Rxc6 e3 28.Bc5 e2 29.Rh1 Bxc3
30.Bxf8 Rxf8 31.Re6 f3 32.Nxa3 Ra8 33.Nb1 Rxa2 34.Kg3 f2 35.Rxe2 Rxe2 36.Rf1 Bd4
37.Na3 Re3+ 38.Kg2  0-1

[Event "23rd Open"]
[Site "Bled SLO"]
[Date "2002.07.04"]
[Round "3"]
[White "Srebrnic,M"]
[Black "Orel,O"]
[Result "1/2-1/2"]
[WhiteElo "2179"]
[BlackElo "2346"]

1.e4 c5 2.Nf3 e6 3.d4 cxd4 4.Nxd4 a6 5.Bd3 Nf6 6.O-O Qc7 7.Qe2 d6 8.c4 Nbd7
9.Nc3 g6 10.f4 Bg7 11.Kh1 O-O 12.Nf3 b6 13.Bd2 Bb7 14.Rac1 Rac8 15.b3 Qb8
16.Rfe1 Rfd8 17.Bb1 Qa8 18.Nd1 b5 19.cxb5 Rxc1 20.Bxc1 axb5 21.Nf2 Nc5 22.Bb2 d5
23.e5 Nfe4 24.Bd4 b4 25.Rc1 Bf8 26.Qe3 Nxf2+ 27.Qxf2 Ne4 28.Qe3 Rc8 29.Ng5 Rxc1+
30.Qxc1 Qa6  1/2-1/2

[Event "1st Open"]
[Site "La Fere FRA"]
[Date "2002.07.04"]
[Round "8"]
[White "Carton,C"]
[Black "Meijers,V"]
[Result "0-1"]
[WhiteElo "2207"]
[BlackElo "2427"]

1.e4 c5 2.Nf3 e6 3.d4 cxd4 4.Nxd4 a6 5.Bd3 Qc7 6.O-O Nf6 7.Nc3 b5 8.Be3 Bb7
9.a3 Be7 10.f4 d6 11.Qf3 h5 12.h3 Nbd7 13.Rae1 h4 14.Bf2 Nb6 15.Qe2 Nh5 16.Qg4 Nc4
17.e5 dxe5 18.Nxe6 Qd6 19.Bxc4 bxc4 20.Rxe5 Nf6 21.Nxg7+ Kf8 22.Qe2 Rg8 23.Rxe7 Qxe7
24.Qxe7+ Kxe7 25.Nf5+ Kd7 26.Nxh4 Nh5 27.Rd1+ Ke8 28.Rd4 Rd8 29.Rxc4 Rd2
30.Rc7 Bxg2 31.Nxg2 Nxf4 32.Rc8+ Rd8 33.Rc4 Nxg2 34.Kf1 Rg6 35.b4 Rd2 36.Ne4 Rd1+
37.Ke2 Ra1 38.Rc8+ Kd7 39.Rc3 Nf4+ 40.Kd2 Rh1 41.Rf3 Nxh3 42.Rxf7+ Ke6 43.Rf3 Rg2
44.Ke3 Nxf2 45.Nxf2 Rh4 46.c3 Kd5 47.Kd3 Ke5 48.c4 Rf4 49.Re3+ Kf5 50.Ne4 Ra2
51.Kd4 Ra1 52.Kd3 Rxa3+ 53.Nc3 Rb3 54.b5 a5 55.c5 Rbb4 56.Re8 Rfd4+ 57.Kc2 Rdc4
58.Rf8+ Ke6 59.Ra8 Ke5 60.Kd3 Rxc5 61.Re8+ Kf5 62.Rh8 Kg6  0-1

[Event "23rd Open"]
[Site "Bled SLO"]
[Date "2002.07.05"]
[Round "4"]
[White "Jaracz,B"]
[Black "Srebrnic,M"]
[Result "1-0"]
[WhiteElo "2265"]
[BlackElo "2179"]

1.e4 c5 2.Nf3 e6 3.d4 cxd4 4.Nxd4 a6 5.Bd3 Bc5 6.Nb3 Ba7 7.O-O Nc6 8.c4 Nge7
9.Nc3 d6 10.Qe2 O-O 11.Be3 e5 12.Bxa7 Rxa7 13.Qe3 Be6 14.Nd5 Ra8 15.Rad1 f5
16.exf5 Bxf5 17.c5 Nxd5 18.Bc4 Kh8 19.Bxd5 Bc2 20.Rd2 Bxb3 21.Bxc6 Bc4 22.Bxb7 Bxf1
23.Bxa8 Qxa8 24.Kxf1 dxc5 25.Qxe5 Qc8 26.h3 h6 27.Rd6 Kh7 28.Qe6 Qb8 29.b3 Re8
30.Qg6+ Kh8 31.Qd3 a5 32.g3 Qb4 33.Kg2 Qe1 34.Qf5 Qc3 35.Rc6 Qb2 36.Qf7 Qe5
37.Rxc5 Qe4+ 38.Qf3 Qb1 39.Qc3 Qe4+ 40.Qf3 Qb1 41.Qc3 Qe4+ 42.Kh2 Rf8 43.Rc8 Qf5
44.Rxf8+ Qxf8 45.Kg2 Qa3 46.Qc2 Kg8 47.Qc4+ Kh8 48.Qa4 Qc5 49.a3 Qd5+ 50.Kh2 Qc5
51.Kg1 Qf5 52.Qe8+ Kh7 53.Qe3 Qc2 54.Kg2 Qc6+ 55.Kh2 Qc2 56.h4 h5 57.Kg2 Qc6+
58.Qf3 Qc5 59.Qe4+ g6 60.b4 axb4 61.axb4 Qb6 62.Qe7+ Kh8 63.Qc5 Qb7+ 64.Kh2 Qf3
65.b5 Kh7 66.b6 g5 67.hxg5 h4 68.Qc7+ Kg8 69.Qf4  1-0

[Event "23rd Open"]
[Site "Bled SLO"]
[Date "2002.07.07"]
[Round "6"]
[White "Lenic,L"]
[Black "Dizdar,S"]
[Result "1-0"]
[WhiteElo "2182"]
[BlackElo "2380"]

1.Nf3 c5 2.e4 e6 3.d4 cxd4 4.Nxd4 a6 5.Bd3 Qb6 6.Nb3 Qc7 7.O-O Nf6 8.Qe2 d6
9.f4 Nc6 10.N1d2 Nb4 11.Nf3 Bd7 12.e5 Nxd3 13.cxd3 Nd5 14.Bd2 Be7 15.Rfc1 Qb6+
16.Kh1 O-O 17.Na5 Nxf4 18.Bxf4 Qxa5 19.exd6 Bf6 20.d4 Rac8 21.a3 Qd5 22.Qe3 Rfe8
23.b4 h6 24.Be5 Bxe5 25.dxe5 Rxc1+ 26.Rxc1 Rc8 27.Rc5 Qd1+ 28.Qe1 Qd3 29.Qc1 Rc6
30.h3 Kh7 31.Kh2 Kg8 32.a4 Rb6 33.Rc3 Rc6 34.Rc5 Rb6 35.Rc3 Rc6 36.Rc5 Rxc5
37.Qxc5 Bxa4 38.Qc8+ Kh7 39.Qxb7 Kg8 40.Qb8+ Kh7 41.Qa7 Kg8 42.Qc5 Bd7 43.Qb6 Qb5
44.Qxb5 Bxb5 45.Nd4 Kf8 46.Kg3 Ke8 47.Kf4 Bf1 48.Kf3 Kd7 49.Nb3 Bc4 50.Nc5+ Kc6
51.h4 f6 52.Ke4 Bd5+ 53.Kd4 Bxg2 54.Nxa6 fxe5+ 55.Kxe5 g5 56.hxg5 hxg5 57.Nc5  1-0

[Event "Jacques Lemans Open"]
[Site "St Veiter AUT"]
[Date "2002.07.08"]
[Round "3"]
[White "Wegener,D"]
[Black "Mayerhofer,P"]
[Result "1-0"]
[WhiteElo "2312"]
[BlackElo "2152"]

1.e4 c5 2.Nf3 e6 3.d4 cxd4 4.Nxd4 a6 5.Bd3 Nc6 6.Nxc6 bxc6 7.O-O d5 8.c4 Nf6
9.cxd5 cxd5 10.exd5 Qxd5 11.Nc3 Qc6 12.Be2 Bb7 13.Bf3 Qc7 14.Qa4+ Nd7 15.Bf4 Qb6
16.Rad1 Rd8 17.Bxb7 Qxb7 18.Nd5 Bc5 19.Nc7+ Ke7 20.Nxa6 Bb6 21.Qb4+ Kf6 22.Be3 h6
23.Qb5 Kg6 24.Rd6  1-0

[Event "23rd Open"]
[Site "Bled SLO"]
[Date "2002.07.09"]
[Round "8"]
[White "Susnik,M"]
[Black "Dizdar,S"]
[Result "0-1"]
[WhiteElo "2202"]
[BlackElo "2380"]

1.e4 c5 2.Nf3 e6 3.d4 cxd4 4.Nxd4 a6 5.Bd3 Qb6 6.Nb3 Qc7 7.O-O Nf6 8.f4 d6
9.c4 b6 10.Nc3 Bb7 11.Qe2 Nbd7 12.Nd4 Be7 13.b4 O-O 14.Bb2 Rfe8 15.Rac1 Rac8
16.c5 bxc5 17.bxc5 Nxc5 18.Na4 Qa5 19.Nxc5 dxc5 20.Nf3 c4 21.Rxc4 Rxc4 22.Bxc4 Nxe4
23.Kh1 Qh5 24.Qe1 a5 25.a3 Rd8 26.Ba2 Bc5 27.Bb3 Ba6 28.Qxe4 Bxf1 29.Qe1 Bxg2+
30.Kxg2 Qg4+ 31.Qg3 Qxg3+ 32.hxg3 Rb8 33.Bd4 Bxa3 34.Bc2 Bb2 35.Be3 Bc3 36.Bc1 Rc8
37.Bb3 Bb4 38.Bb2 Bd6 39.Bd4 Rb8 40.Bd1 Rb4 41.Bc3 Rb1 42.Ba4 Bb4 43.Bd4 Rc1
44.Bb2 Rc8 45.Kf2 Bc3 46.Ba3 Bf6 47.Ke2 Rc4 48.Bd1 h6 49.Bd6 g5 50.fxg5 hxg5
51.Nd2 Rd4 52.Bc5 Rd5 53.Ne4 Be5 54.Bb3 Rd8 55.g4 Rb8 56.Bd1 f6 57.Kd3 Kf7
58.Kc4 Rb2 59.Kd3 Rg2 60.Bf3 Rh2 61.Nd6+ Bxd6 62.Bxd6 Rh3 63.Ke2 f5 64.Kf2 a4
65.Kg2 Rh8 66.gxf5 exf5 67.Bc6 Rd8 68.Bc5 Rc8 69.Bd5+ Kg6 70.Bb4 Rc7 71.Kf2 Kh5
72.Bf3+ g4 73.Bd1 Rc4 74.Be7 f4 75.Be2 Rc2 76.Ke1 f3 77.Bd3 Rc6 78.Kf2 a3
79.Bb5 a2 80.Bxc6 a1=Q 81.Be8+ Kh6 82.Bf8+ Kh7  0-1

[Event "Open"]
[Site "Oberwart AUT"]
[Date "2002.07.09"]
[Round "5"]
[White "Steiner,B"]
[Black "Stanec,N"]
[Result "0-1"]
[WhiteElo "2252"]
[BlackElo "2523"]

1.e4 c5 2.Nf3 e6 3.d4 cxd4 4.Nxd4 a6 5.Bd3 Nf6 6.O-O d6 7.Nc3 Be7 8.Kh1 O-O
9.f4 Nbd7 10.Qe2 Nc5 11.e5 dxe5 12.fxe5 Nxd3 13.Qxd3 Nd7 14.Bf4 Nc5 15.Qe3 Qc7
16.Rf3 b5 17.Raf1 Bb7 18.Rh3 b4 19.Nce2 Be4 20.Ng3 Bg6 21.Nh5 Rfd8 22.Bh6 Bf8
23.Bg5 Rd5 24.Nf3 Ne4 25.Nf4 Qc4 26.Qe1 Nxg5 27.Nxg5 Rxe5 28.Qf2 Rxg5 29.Nxg6 Rf5  0-1

[Event "XX Open"]
[Site "Andorra la Vella AND"]
[Date "2002.07.10"]
[Round "5"]
[White "Moreno Tejera,E"]
[Black "Kulaots,K"]
[Result "1/2-1/2"]
[WhiteElo "2365"]
[BlackElo "2535"]

1.e4 c5 2.Nf3 e6 3.d4 cxd4 4.Nxd4 a6 5.Bd3 Bc5 6.c3 Nc6 7.Be3 Be7 8.O-O Nf6
9.Qe2 d5 10.exd5 Nxd5 11.Nxc6 bxc6 12.Bc1 O-O 13.c4 Nf6 14.Bf4 c5 15.Nc3 Bb7
16.Rad1 Qb6 17.Rd2 Bc6 18.Bb1 Rfc8 19.Rfd1 Qb7 20.f3 Nh5 21.Be3 Nf6 22.Bf4 Nh5
23.Be3 Nf6  1/2-1/2

[Event "23rd Open"]
[Site "Bled SLO"]
[Date "2002.07.10"]
[Round "9"]
[White "Krivec,J"]
[Black "Eljanov,V"]
[Result "0-1"]
[WhiteElo "2253"]
[BlackElo "2426"]

1.e4 c5 2.Nf3 e6 3.d4 cxd4 4.Nxd4 a6 5.Bd3 g6 6.c4 Bg7 7.Be3 Nf6 8.e5 Qa5+
9.Qd2 Qxe5 10.Nf3 Qc7 11.Bh6 O-O 12.h4 d5 13.Bxg7 Kxg7 14.h5 dxc4 15.hxg6 fxg6
16.Qh6+ Kg8 17.Bxg6 Qg7 18.Bc2 Qxh6 19.Rxh6 Nc6 20.a3 e5 21.Nbd2 Kg7 22.Rh4 b5
23.O-O-O Bg4 24.Re1 Bxf3 25.gxf3 Rae8 26.Rg1+ Kh8 27.Ne4 Re7 28.Nxf6 Rxf6
29.Rhg4 Rf8 30.Be4 Nd4 31.Kd2 Ne6 32.Ke3 Nf4 33.R4g3 a5 34.Kd2 Rd8+ 35.Ke3 b4
36.axb4 axb4 37.Rg4 Rc8 38.Bf5 Rf8 39.Be4 Rc7 40.Rg5 Nh3 41.R1g3 Nxg5 42.Rxg5 Rc5
43.Rh5 Rf7 44.Kd2 c3+ 45.bxc3 bxc3+ 46.Kc1 Kg8 47.Rg5+ Rg7 48.Rh5 c2 49.Rh1 Ra7
50.Rg1+ Kf7  0-1

[Event "Dutch Open"]
[Site "Dieren NED"]
[Date "2002.07.10"]
[Round "2"]
[White "Hamelink,D"]
[Black "Meijers,V"]
[Result "1/2-1/2"]
[WhiteElo "2114"]
[BlackElo "2475"]

1.e4 c5 2.Nf3 e6 3.d4 cxd4 4.Nxd4 a6 5.Bd3 Qc7 6.O-O Nf6 7.Qe2 d6 8.c4 b6
9.Nc3 Bb7 10.Kh1 Be7 11.f4 Nbd7 12.b3 h5 13.Nf3 h4 14.Ng5 b5 15.f5 exf5 16.Nd5 Nxd5
17.exd5 Ne5 18.Rxf5 bxc4 19.bxc4 h3 20.Rxf7 hxg2+ 21.Kxg2 Nxf7 22.Bg6 O-O-O
23.Nxf7 Bf6 24.Rb1 Rde8 25.Qg4+ Kb8 26.Nxh8 Rxh8 27.Bd3 Ka8 28.Bf4 Rh4 29.Qf3 Bc8
30.Qf2 Bh3+ 31.Kh1 Rg4 32.Bg3 Rd4 33.Qe2 Qd7 34.Rb6 Qa4 35.c5 Bg4 36.Qf1 Bc8
37.Bxd6 Qxa2 38.Qf3 Bg4 39.Qxg4 Rxg4 40.Rxa6+ Qxa6 41.Bxa6 Bd4 42.h3 Rg1+
43.Kh2 Ra1 44.Bc8 Bxc5 45.Bxc5 Rc1 46.d6 Rxc5 47.Bg4 Kb8 48.Kg3 g5 49.Kf3 Rd5
50.d7 Kc7 51.Ke4 Ra5 52.Be6 Kd8 53.Bf5 Ke7 54.Bg4 Rb5 55.Bf5 Rb4+ 56.Ke5 Rb5+  1/2-1/2

[Event "XX Open"]
[Site "Andorra la Vella AND"]
[Date "2002.07.11"]
[Round "6"]
[White "De la Villa Garcia,J"]
[Black "Oratovsky,M"]
[Result "1/2-1/2"]
[WhiteElo "2441"]
[BlackElo "2556"]

1.e4 c5 2.Nf3 e6 3.d4 cxd4 4.Nxd4 a6 5.Bd3 g6 6.c4 Bg7 7.Ne2 Nf6 8.Nbc3 O-O
9.O-O d5 10.exd5 exd5 11.Bg5 dxc4 12.Bxc4 Qa5 13.Qd2 Nc6 14.Rad1 Bf5 15.Bxf6 Bxf6
16.Nd5 Qd8 17.Ng3 Bg4 18.Nxf6+ Qxf6 19.f3 Rad8 20.Ne4 Qe5 21.Qh6 Bf5 22.Ng5 Qg7
23.Qxg7+ Kxg7 24.g4 Rxd1 25.Rxd1 Bc8 26.Kf2 Ne5 27.Bb3 h6 28.Rd5 Nxg4+ 29.fxg4 hxg5
30.Rxg5 f5 31.gxf5 Bxf5 32.Ke3 Re8+ 33.Kd2 Rd8+ 34.Ke2 Re8+ 35.Kd2 Rd8+ 36.Ke2 Kf6
37.Rg3 Rh8 38.Rg2 Ke5 39.Rf2 g5 40.Kd2 Rd8+ 41.Ke1 Rd4 42.Bc2  1/2-1/2

[Event "Jacques Lemans Open"]
[Site "St Veiter AUT"]
[Date "2002.07.11"]
[Round "6"]
[White "Rogic,D"]
[Black "Holzer,G"]
[Result "1-0"]
[WhiteElo "2493"]
[BlackElo "2243"]

1.e4 c5 2.Nf3 e6 3.d4 cxd4 4.Nxd4 a6 5.Bd3 Qc7 6.O-O Nf6 7.Qe2 d6 8.c4 Nbd7
9.Nc3 b6 10.Be3 Bb7 11.f3 Be7 12.Rac1 O-O 13.b3 Rfe8 14.Rfd1 Rac8 15.Qf2 Qb8
16.Bf1 Bf8 17.Kh1 Ba8 18.Rc2 g6 19.a3 Ne5 20.Na4 Qb7 21.b4 Bg7 22.Nb3 d5
23.Nxb6 Nfg4 24.fxg4 Nxg4 25.Qe2 Nxe3 26.Nxc8 Nxd1 27.Nd6  1-0

[Event "Dutch Open"]
[Site "Dieren NED"]
[Date "2002.07.13"]
[Round "5"]
[White "Van der Weide,K"]
[Black "Algera,S"]
[Result "1-0"]
[WhiteElo "2403"]
[BlackElo "2057"]

1.e4 c5 2.Nf3 e6 3.d4 cxd4 4.Nxd4 a6 5.Bd3 Bc5 6.Nb3 Ba7 7.Qe2 Nc6 8.Be3 Bxe3
9.Qxe3 d6 10.Nc3 Nge7 11.O-O O-O 12.f4 Nb4 13.Rf2 d5 14.e5 Nxd3 15.cxd3 Nf5
16.Qh3 b5 17.g4 Ne7 18.Nd4 Qb6 19.Nce2 Bd7 20.f5 f6 21.exf6 Rxf6 22.g5 Rff8
23.fxe6 Rxf2 24.Kxf2 Be8 25.Kg2 Nc6 26.Qe3 Bh5 27.Rc1 Ne7 28.Nf4 Bg6 29.h4 Be8
30.Qe5 Qb8 31.Rc7 Qd8 32.h5 Rc8 33.h6  1-0

[Event "Open"]
[Site "Oberwart AUT"]
[Date "2002.07.13"]
[Round "9"]
[White "Wallner,J"]
[Black "Claassen,J"]
[Result "1/2-1/2"]
[WhiteElo "2327"]
[BlackElo "2205"]

1.e4 c5 2.Nf3 e6 3.d4 cxd4 4.Nxd4 a6 5.Bd3 Nc6 6.Nb3 Qc7 7.Nc3 b5 8.Qe2 Bb7
9.f4 Rc8 10.Bd2 Nb4 11.O-O Nf6 12.e5 Nfd5 13.Ne4 Be7 14.Kh1 O-O 15.Nf6+ Bxf6
16.exf6 Nxd3 17.fxg7 Kxg7 18.cxd3 f5 19.Nd4 Rg8 20.Rac1 Qb8 21.Rxc8 Rxc8
22.Rf3 Kf7 23.Rf2 Nf6 24.Bc3 Qd6 25.a3 Ng4 26.Rf1 a5 27.Nxb5 Qd5 28.a4 Ne3
29.Qh5+ Kf8 30.Qh6+ Ke8 31.Qh5+ Kf8  1/2-1/2

[Event "Dutch Open"]
[Site "Dieren NED"]
[Date "2002.07.15"]
[Round "6"]
[White "Hendriks,W"]
[Black "Meijers,V"]
[Result "1/2-1/2"]
[WhiteElo "2410"]
[BlackElo "2475"]

1.e4 c5 2.Nf3 e6 3.d4 cxd4 4.Nxd4 a6 5.Bd3 Qc7 6.O-O Nf6 7.Qe2 d6 8.c4 b6
9.Nc3 Bb7 10.f4 Nbd7 11.Bd2 Be7 12.Rae1 h5 13.f5 e5 14.Nf3 Nc5 15.Bc2 a5
16.b3 Rc8 17.Rc1 Bc6 18.a3 a4 19.b4 Nb3 20.Bxb3 axb3 21.Bg5 Qa7 22.b5 Ba8
23.Qb2 Nxe4 24.Bxe7 Qxe7 25.Nxe4 Bxe4 26.Qxb3 Bxf5 27.Qe3 Rc5 28.Nd2 Be6
29.Ne4 Rxc4 30.Qxb6 O-O 31.Qxd6 Qh4 32.Nc5 Rxc1 33.Rxc1 Qg5 34.Re1 Bh3 35.Qd5 Rc8
36.Rxe5 Qc1+ 37.Kf2 Qf4+ 38.Kg1 Qc1+ 39.Kf2 Qf4+ 40.Kg1  1/2-1/2

[Event "TCh-POL Jun"]
[Site "Laczna POL"]
[Date "2002.07.16"]
[Round "2"]
[White "Adamski,M"]
[Black "Kunicki,M"]
[Result "1/2-1/2"]
[WhiteElo "2213"]
[BlackElo "2147"]

1.e4 c5 2.Nf3 e6 3.d4 cxd4 4.Nxd4 a6 5.Bd3 Qc7 6.O-O Nc6 7.Nxc6 Qxc6 8.a4 b6
9.Nd2 Bb7 10.Re1 Nf6 11.Nf3 d6 12.Qe2 Be7 13.Nd4 Qc7 14.f3 Nd7 15.c3 O-O
16.f4 Bf6 17.Bc2 Rac8 18.Nf3 g6 19.Be3 Nc5 20.Bf2 d5 21.e5 Bg7 22.Bd4 Rfd8
23.Qf2 Qc6 24.Qh4 h6 25.Nd2 Qe8 26.b4 Nd7 27.Bd3 Rc7 28.Nb3 Rdc8 29.Rec1 Kh7
30.Rc2 Bf8 31.Qf2 Qe7 32.Rac1 Rc6 33.h4 h5 34.g3 Kg7 35.Qe3 Qd8 36.Rh2 a5
37.bxa5 bxa5 38.Bb5 Rc4 39.Rd2 Rxd4 40.cxd4 Rxc1+ 41.Nxc1 Qc7 42.Nb3 Bb4
43.Rg2 Nb6 44.Qd3 Bc6 45.Rc2 Bxb5 46.axb5 Nc4 47.Kf2 a4 48.Nc1 Qa5 49.Rxc4 dxc4
50.Qxc4 Be1+ 51.Kf3 a3 52.Qb3 Qd2 53.Qxa3 Qf2+ 54.Ke4 Qg2+ 55.Qf3 Qc2+ 56.Nd3 Ba5
57.Qf2 Qb3 58.Qb2 Qd5+ 59.Ke3 Bb6 60.Ne1 Qc4 61.Nf3 Qd5 62.Qe2 Qb3+ 63.Qd3 Qd5
64.Kf2 Qa2+ 65.Qe2 Qd5 66.Kg2 Bxd4 67.Qd2 Bb6 68.Qxd5 exd5 69.Kf1 Kf8  1/2-1/2

[Event "FSGM July"]
[Site "Budapest HUN"]
[Date "2002.07.17"]
[Round "12"]
[White "Rajlich,V"]
[Black "Thorfinnsson,Br"]
[Result "1/2-1/2"]
[WhiteElo "2338"]
[BlackElo "2362"]

1.e4 c5 2.Nf3 e6 3.d4 cxd4 4.Nxd4 a6 5.Bd3 Nc6 6.Nxc6 dxc6 7.Nd2 Qc7 8.a4 Nf6
9.a5 Bc5 10.Qf3 e5 11.O-O Be6 12.Bc4 O-O-O 13.Bxe6+ fxe6 14.Nb3 Ba7 15.Be3 c5
16.Nd2 Kb8 17.Nc4 Ka8 18.b3 Rhf8 19.Rad1 Qc6 20.Rxd8+ Rxd8 21.Bg5 Bb8 22.Bxf6 Rf8
23.Qe3 Rxf6 24.Nb6+ Ka7 25.Rd1 Rf4 26.f3 Bc7 27.Nc4 Rf7 28.b4 Rd7 29.Rxd7 Qxd7
30.Qxc5+ Kb8 31.h3 Qd1+ 32.Kh2 Qxc2 33.Qf8+ Ka7 34.Qc5+ Kb8 35.b5 axb5 36.Qxb5 Ka7
37.Qc5+ Kb8 38.Qb4 Ka7 39.Na3 Qc6 40.Nb5+ Ka6 41.Nxc7+ Qxc7 42.Kg3 Qxa5 43.Qc4+ Ka7
44.Qxe6 Qc7 45.Qa2+ Kb6 46.Qb3+ Kc5 47.Qc3+ Kd6 48.Qb4+ Ke6 49.Kg4 Qd7 50.Qb6+ Ke7+
51.Kg3 Qc6 52.Qb4+ Kf7 53.Qb3+ Kg6 54.Qb2 Kf6 55.Qb4 Kf7 56.Qb3+ Kf8 57.Qb4+ Kf7
58.Qb3+ Kf8  1/2-1/2

[Event "24th Politiken Cup"]
[Site "Copenhagen DEN"]
[Date "2002.07.17"]
[Round "3"]
[White "Petkovic,P"]
[Black "Svensson,B"]
[Result "0-1"]
[WhiteElo "2151"]
[BlackElo "2398"]

1.e4 c5 2.Nf3 e6 3.d4 cxd4 4.Nxd4 a6 5.Bd3 Nf6 6.c4 Nc6 7.Nxc6 dxc6 8.Qe2 e5
9.h3 Bb4+ 10.Nd2 Nd7 11.O-O Nc5 12.Bc2 Ne6 13.Nb3 O-O 14.Be3 Qe7 15.Rad1 a5
16.a3 a4 17.Nc1 Bc5 18.Nd3 Bxe3 19.Qxe3 Nd4 20.Bb1 c5 21.f4 exf4 22.Nxf4 Be6
23.Bd3 Qg5 24.Rde1 Qe5 25.Qf2 Rae8 26.Re3 Bd7 27.Rg3 f5 28.exf5 Bxf5 29.Rg5 Qf6
30.h4 Bxd3 31.Nxd3 Qh6 32.Nf4 Rxf4 33.Qxf4 Ne2+  0-1

[Event "Dutch Open"]
[Site "Dieren NED"]
[Date "2002.07.17"]
[Round "8"]
[White "Smeets,J"]
[Black "Meijers,V"]
[Result "1/2-1/2"]
[WhiteElo "2392"]
[BlackElo "2475"]

1.e4 c5 2.Nf3 e6 3.d4 cxd4 4.Nxd4 a6 5.Bd3 Qc7 6.O-O Nc6 7.Nxc6 dxc6 8.f4 Bc5+
9.Kh1 e5 10.f5 Nf6 11.Nc3 b5 12.Qf3 Bb7 13.Qg3 Kf8 14.a4 h5 15.Nd1 Rd8 16.Bg5 Be7
17.Ne3 Rd4 18.b3 Bb4 19.Nd1 Rd7 20.c3 Be7 21.Nf2 Bc5 22.b4 Bb6 23.Be3 h4
24.Qf3 h3 25.Nxh3 c5 26.bxc5 Bxc5 27.Nf2 Be7 28.Rfd1 Qxc3 29.Rac1 Qa5 30.axb5 axb5
31.Ra1 Qc3 32.Rac1 Qa3 33.Ra1 Qc3 34.Rdc1 Qb4 35.Rab1 Qa3 36.Bxb5 Rd8 37.Bb6 Ra8
38.Qxa3 Bxa3 39.Rc7 Bxe4 40.Nxe4 Nxe4 41.Bd3 Rh4 42.Ra1 Kg8 43.h3 Ng5 44.Bf2 Rha4
45.Be3 f6 46.Bb5 R4a5 47.Bc6 Bd6 48.Rxa5 Rxa5 49.Rd7 Nf7 50.g3 e4 51.Kg2 Rxf5
52.Bxe4 Re5 53.Bg6 Rxe3 54.Bxf7+ Kf8 55.Rxd6 Kxf7 56.Kf2 Ra3 57.h4 Kg6 58.Rd5 f5
59.Rb5 Rc3 60.Ra5 Rb3 61.Rc5  1/2-1/2

[Event "TCh-POL Jun"]
[Site "Laczna POL"]
[Date "2002.07.17"]
[Round "4"]
[White "Skrzypnik,M"]
[Black "Marszalek,M"]
[Result "1-0"]
[WhiteElo "2283"]
[BlackElo "2250"]

1.e4 c5 2.Nf3 e6 3.d4 cxd4 4.Nxd4 a6 5.Bd3 Qc7 6.O-O Nf6 7.Qe2 d6 8.c4 Nbd7
9.Nc3 g6 10.f4 Bg7 11.Nf3 O-O 12.Kh1 b6 13.Bd2 Bb7 14.Rac1 Rac8 15.b3 Rfd8
16.Bb1 Qb8 17.f5 exf5 18.exf5 Re8 19.Qf2 d5 20.cxd5 Nxd5 21.Ne4 Rxc1 22.Bxc1 N5f6
23.Nxf6+ Nxf6 24.fxg6 fxg6 25.Qxb6 Bxf3 26.Qxb8 Bxg2+ 27.Kxg2 Rxb8 28.Bd3 Rb6
29.Be3 Rd6 30.Bc4+ Kh8 31.Bf4 Rd8 32.Re1 h6 33.Re6 Nh5 34.Bc7 Rd2+ 35.Re2 Rxe2+
36.Bxe2 Nf6 37.Bxa6 Nd5 38.Bd6 Bc3 39.Bc4 Nb6 40.Kf3 Kg7 41.Ke4 Kf6 42.Bc5 Nxc4
43.bxc4 Ke6 44.Bd4 Ba5 45.c5 h5 46.Be5 g5 47.c6 g4 48.c7 Kd7 49.Kf5 Bd2 50.Bf4  1-0

[Event "24th Politiken Cup"]
[Site "Copenhagen DEN"]
[Date "2002.07.19"]
[Round "5"]
[White "Timmermans,I"]
[Black "Auchenberg,P"]
[Result "1-0"]
[WhiteElo "2177"]
[BlackElo "2006"]

1.e4 c5 2.Nf3 e6 3.d4 cxd4 4.Nxd4 a6 5.Bd3 g6 6.c4 Bg7 7.Be3 Ne7 8.Nc3 O-O
9.O-O d5 10.exd5 exd5 11.Re1 dxc4 12.Bxc4 Nd7 13.Nf3 Qc7 14.Nd5 Nxd5 15.Bxd5 Nf6
16.Rc1 Qd7 17.Bb3 Qxd1 18.Rexd1 Bg4 19.Rc7 Rad8 20.Bxf7+ Kh8 21.Rxd8 Rxd8
22.h3 Bxf3 23.gxf3 b5 24.Ra7 Nh5 25.Rxa6 Bxb2 26.Rb6 Rd1+ 27.Kg2 Be5 28.Bb3 Ra1
29.Rb8+ Kg7 30.Rg8+ Kf6 31.Rf8+ Ke7 32.Rf7+ Kd6 33.f4 Bc3 34.Rxh7 Re1 35.f5  1-0

[Event "SCCF State Ch"]
[Site "Costa Mesa USA"]
[Date "2002.07.20"]
[Round "6"]
[White "Casella,M"]
[Black "Ma,W"]
[Result "0-1"]
[WhiteElo "2265"]
[BlackElo "2294"]

1.e4 c5 2.Nf3 e6 3.d4 cxd4 4.Nxd4 a6 5.Bd3 Nf6 6.O-O Qc7 7.Qe2 d6 8.c4 g6
9.Nc3 Bg7 10.Rd1 O-O 11.Nf3 Nc6 12.h3 Nd7 13.Be3 b6 14.Rac1 Bb7 15.Bb1 Nc5
16.Qd2 Rad8 17.b3 Qe7 18.Bg5 Bf6 19.Bh6 Rfe8 20.Qe3 Qc7 21.Qf4 Bg7 22.Bxg7 Kxg7
23.Rd2 Ne5 24.Rcd1 Nxf3+ 25.Qxf3 e5 26.Nd5 Bxd5 27.cxd5 a5 28.Rc1 Qd7 29.a3 Rc8
30.Rdc2 a4 31.Ba2 axb3 32.Bxb3 Ra8 33.Bc4 Ra5 34.Rc3 Rea8 35.h4 h5 36.Rb1 Qa7
37.g4 hxg4 38.Qxg4 Rh8 39.Kg2 Rxa3 40.Rxa3 Qxa3 41.Rxb6 Qc3 42.Be2 Qd4 43.Rxd6 Nxe4
44.Ra6 Qxf2+ 45.Kh3 Nf6  0-1

[Event "XVIII Open"]
[Site "Ferrol ESP"]
[Date "2002.07.20"]
[Round "4"]
[White "Luther,T"]
[Black "Cubero Ferreiro,R"]
[Result "1-0"]
[WhiteElo "2551"]
[BlackElo "2095"]

1.e4 c5 2.Nf3 e6 3.d4 cxd4 4.Nxd4 a6 5.Bd3 Bc5 6.Nb3 Ba7 7.O-O Nc6 8.c4 Nf6
9.Nc3 h5 10.Bf4 d6 11.Be2 e5 12.Bg5 Be6 13.Kh1 Nd4 14.f4 Nxe2 15.Qxe2 Rc8
16.Nd5 Bxd5 17.exd5 e4 18.Rae1 Kf8 19.Bxf6 Qxf6 20.Qxe4 Bb6 21.Nd2 Ba5 22.Re2 Qxb2
23.Qe7+ Kg8 24.Nf3 Qb4 25.Rfe1 g6 26.f5 Qxc4 27.fxg6 Qxd5 28.gxf7+ Qxf7 29.Qg5+  1-0

[Event "Capital of Siberia Open"]
[Site "Novosibirsk RUS"]
[Date "2002.07.20"]
[Round "2"]
[White "Maletin,P"]
[Black "Verzhansky,A"]
[Result "1-0"]
[WhiteElo "2344"]
[BlackElo "2201"]

1.e4 c5 2.Nf3 e6 3.d4 cxd4 4.Nxd4 a6 5.Bd3 Qc7 6.O-O Nc6 7.Nxc6 dxc6 8.f4 e5
9.Nc3 Bc5+ 10.Kh1 Nf6 11.f5 h5 12.Qe2 b5 13.a4 Bb7 14.axb5 axb5 15.Rxa8+ Bxa8
16.Bg5 Ng4 17.Nd1 Qa7 18.Bh4 Be7 19.Bg3 Bg5 20.h3 Qc5 21.b4 Qb6 22.c4 bxc4
23.Bxc4 Ke7 24.Qa2 h4 25.Be1 Nh6 26.Bf2 Qxb4 27.Qa7+ Kf6 28.Bc5 Qb7 29.Qa1 Qc7
30.Nb2 Rd8 31.Nd3  1-0